000 01863ncm0a2200385 4500
001 RU\NLR\ONIZ\212192
005 20250624195652.0
010 _a978-5-7140-0999-0
021 _aRU
_b10-189н
_910-16н
035 _aRU\NLR\ONIZ\Таня\5000002465\20150624092716
035 _a(NLR Aleph) 010891724
071 2 0 _a15578
090 _a10557698
_c10557698
100 _a20150624d2010 |||y0rusy50 ca
101 0 _aeng
_arus
102 _aRU
125 _azx
145 0 _ab
200 1 _aПопулярные миниатюры
_bНоты
_h[Вып.] 1
_fперелож. для фп., скрипки и виолончели А. Николаева
208 _aПартитура и голоса
210 _aМ.
_cМузыка
_d2010
215 _a39, [1] с., 2 парт. (8, 8 с.)
_d29 см
313 _aСистематизация документа проведена по изданию - Методика классифицирования музыкальных произведений (нотных изданий) по таблицам Библиотечно-библиографических классификаций : метод. рекомендации / Гос. б-ка СССР им. В.И. Ленина.- М., 1977. Индексу ББК методических рекомендаций присваивается код ББК для научных библиотек - LBC/SL
686 _aЩ952.142.8я43
_vLBC/SL
_2rubbk
701 1 _9z02790
_aНиколаев
_bА.
_4030
790 1 _9z02701
_aNikolaev
_bA.
_4030
801 0 _aRU
_bNLR
_c20150624
_gPSBO
801 1 _aRU
_bNLR
_c20150624
_2rusmarc
801 2 _aRU
_bNLR
_c20190630
852 _aNLR
_bМ
_jК-3/24608(1)
_pМОЭ 2010-16н/189н
_t1
852 _aNLR
_bМ
_jК-3/24608(1)а
_pМОЭ 2010-16н/189на
_t2
942 _cSCORE
980 _aNB
980 _aONIZ